[Event "Verbandsliga MVP 2013-14"]
[Site "MVP"]
[Date "2013.11.24"]
[Round "3.1"]
[White "Engel, Gunnar"]
[Black "Schwetlick, Thomas"]
[Result "0-1"]
[WhiteElo "2040"]
[BlackElo "1846"]
[PlyCount "58"]
[EventDate "2013.??.??"]
[EventType "team-tourn"]
[EventRounds "9"]
[EventCountry "GER"]
[SourceDate "2013.10.20"]
[WhiteTeam "SSC Rostock 07 II"]
[BlackTeam "HSG Uni Rostock"]
[WhiteTeamCountry "GER"]
[BlackTeamCountry "GER"]

1. d4 Nf6 2. c4 g6 3. Nc3 Bg7 4. e4 d6 5. Be2 O-O 6. Nf3 e5 7. O-O Nc6 8. d5
Ne7 9. Ne1 Nd7 10. Be3 f5 11. f3 f4 12. Bf2 g5 13. a4 Ng6 14. a5 Nf6 15. c5 Rf7
16. cxd6 cxd6 17. Nb5 Bf8 18. Bxa7 Rxa7 19. Nxa7 Bd7 20. Qb3 g4 21. a6 bxa6 22.
Nc6 Qe8 23. Nd3 g3 24. Rfc1 Nh4 25. h3 Bxh3 26. Ndxe5 dxe5 27. gxh3 Qd7 28. Rc2
Qxh3 29. Bf1 Bc5+ 0-1

[Event "Verbandsliga MVP 2013-14"]
[Site "MVP"]
[Date "2013.11.24"]
[Round "3.2"]
[White "Moeller, Peter"]
[Black "Hodl, Ingolf"]
[Result "1-0"]
[WhiteElo "1965"]
[BlackElo "1979"]
[PlyCount "49"]
[EventDate "2013.??.??"]
[EventType "team-tourn"]
[EventRounds "9"]
[EventCountry "GER"]
[SourceDate "2013.10.20"]
[WhiteTeam "HSG Uni Rostock"]
[BlackTeam "SSC Rostock 07 II"]
[WhiteTeamCountry "GER"]
[BlackTeamCountry "GER"]

1. g3 Nf6 2. Bg2 g6 3. e4 d6 4. d3 Bg7 5. f4 Nc6 6. Nf3 Bg4 7. h3 Bxf3 8. Qxf3
e5 9. f5 Nh5 10. c3 Bf6 11. O-O O-O 12. Na3 Bg5 13. h4 Bxc1 14. Raxc1 Kg7 15.
Nc4 f6 16. Bh3 Kf7 17. Ne3 Ne7 18. fxg6+ hxg6 19. Bg4 Kg7 20. Bxh5 gxh5 21.
Qxh5 Rh8 22. Qg4+ Kf7 23. Rxf6+ Kxf6 24. Rf1+ Nf5 25. Qxf5+ 1-0

[Event "Verbandsliga MVP 2013-14"]
[Site "MVP"]
[Date "2013.11.24"]
[Round "3.3"]
[White "Pererva, Viktor"]
[Black "Hammel, Ralf"]
[Result "1/2-1/2"]
[WhiteElo "1960"]
[BlackElo "1967"]
[PlyCount "28"]
[EventDate "2013.??.??"]
[EventType "team-tourn"]
[EventRounds "9"]
[EventCountry "GER"]
[SourceDate "2013.10.20"]
[WhiteTeam "SSC Rostock 07 II"]
[BlackTeam "HSG Uni Rostock"]
[WhiteTeamCountry "GER"]
[BlackTeamCountry "GER"]

1. e4 e6 2. Nf3 d5 3. Nc3 Nf6 4. e5 Nfd7 5. d4 c5 6. dxc5 Nc6 7. Bf4 Bxc5 8.
Bd3 f6 9. exf6 Nxf6 10. O-O O-O 11. Bg3 Nh5 12. Bh4 Be7 13. Bxe7 Qxe7 14. Re1
Nf4 1/2-1/2

[Event "Verbandsliga MVP 2013-14"]
[Site "MVP"]
[Date "2013.11.24"]
[Round "3.4"]
[White "Kutschke, Peter"]
[Black "Brack, Peter"]
[Result "1/2-1/2"]
[WhiteElo "1932"]
[BlackElo "1975"]
[PlyCount "45"]
[EventDate "2013.??.??"]
[EventType "team-tourn"]
[EventRounds "9"]
[EventCountry "GER"]
[SourceDate "2013.10.20"]
[WhiteTeam "HSG Uni Rostock"]
[BlackTeam "SSC Rostock 07 II"]
[WhiteTeamCountry "GER"]
[BlackTeamCountry "GER"]

1. c4 e6 2. Nf3 d5 3. g3 g6 4. Bg2 Bg7 5. O-O Ne7 6. d3 O-O 7. Qc2 Nbc6 8. a3
a5 9. Nc3 h6 10. b3 Re8 11. Bb2 Nf5 12. Nb5 d4 13. Rfe1 e5 14. Rad1 Nb8 15. a4
Na6 16. Bc1 c6 17. Na3 Qb6 18. Nd2 Nc5 19. Ne4 Be6 20. Nxc5 Qxc5 21. Nb1 Rad8
22. Ba3 Qa7 23. Nd2 1/2-1/2

[Event "Verbandsliga MVP 2013-14"]
[Site "MVP"]
[Date "2013.11.24"]
[Round "3.5"]
[White "Mangold, Thomas"]
[Black "Giese, Guido"]
[Result "1/2-1/2"]
[WhiteElo "1896"]
[BlackElo "1899"]
[PlyCount "89"]
[EventDate "2013.??.??"]
[EventType "team-tourn"]
[EventRounds "9"]
[EventCountry "GER"]
[SourceDate "2013.10.20"]
[WhiteTeam "SSC Rostock 07 II"]
[BlackTeam "HSG Uni Rostock"]
[WhiteTeamCountry "GER"]
[BlackTeamCountry "GER"]

1. e4 c5 2. Na3 g6 3. c3 Bg7 4. Nf3 d5 5. exd5 Qxd5 6. Bc4 Qe4+ 7. Kf1 Be6 8.
Bb5+ Bd7 9. Qb3 Bxb5+ 10. Qxb5+ Qc6 11. d3 a6 12. Qxc6+ Nxc6 13. Be3 b6 14. Nc4
Rb8 15. Bf4 Rb7 16. Re1 Kd7 17. h4 h5 18. Rh3 Nh6 19. Bxh6 Rxh6 20. Ng5 Nd8 21.
Rhe3 Bf6 22. Ne5+ Bxe5 23. Rxe5 e6 24. R5e3 Kc8 25. Rf3 Rh8 26. Re4 Re8 27. Ra4
Ra7 28. Ne4 Ree7 29. Nd6+ Kb8 30. Re4 Rad7 31. Nc4 Ka7 32. Ne5 Rc7 33. Rf6 Kb7
34. Ke2 Nc6 35. Nxc6 Kxc6 36. f3 Rcd7 37. g4 hxg4 38. fxg4 Re8 39. Ref4 Rh8 40.
g5 Rh7 41. Ke3 Kd5 42. d4 cxd4+ 43. Rxd4+ Kc6 44. Rff4 Rd5 45. Ke4 1/2-1/2

[Event "Verbandsliga MVP 2013-14"]
[Site "MVP"]
[Date "2013.11.24"]
[Round "3.6"]
[White "Sager, Bernd"]
[Black "Celmer, Ole"]
[Result "0-1"]
[WhiteElo "1734"]
[BlackElo "1915"]
[PlyCount "70"]
[EventDate "2013.??.??"]
[EventType "team-tourn"]
[EventRounds "9"]
[EventCountry "GER"]
[SourceDate "2013.10.20"]
[WhiteTeam "HSG Uni Rostock"]
[BlackTeam "SSC Rostock 07 II"]
[WhiteTeamCountry "GER"]
[BlackTeamCountry "GER"]

1. d4 Nf6 2. c4 e6 3. Nc3 Bb4 4. a3 Bxc3+ 5. bxc3 b6 6. e3 Bb7 7. Nf3 Ne4 8.
Qc2 f5 9. Be2 O-O 10. O-O d6 11. a4 Nd7 12. a5 Ndf6 13. Bb2 Qe8 14. axb6 axb6
15. Rxa8 Bxa8 16. Ba3 Qg6 17. c5 Ng5 18. Kh1 bxc5 19. dxc5 Nfe4 20. cxd6 cxd6
21. c4 Rc8 22. Qd3 Nf7 23. c5 Nxc5 24. Bxc5 Rxc5 25. Qa6 Be4 26. Qb6 h6 27.
Qb8+ Kh7 28. Bb5 Bxf3 29. gxf3 Qh5 30. Be2 Rc2 31. Bd1 Rd2 32. Qb1 Qh3 33. Kg1
Ng5 34. e4 Rxd1 35. Rxd1 Nxf3+ 0-1

[Event "Verbandsliga MVP 2013-14"]
[Site "MVP"]
[Date "2013.11.24"]
[Round "3.7"]
[White "Fiss, Daniel"]
[Black "Schroeder, Christian"]
[Result "1/2-1/2"]
[WhiteElo "1690"]
[BlackElo "1879"]
[PlyCount "84"]
[EventDate "2013.??.??"]
[EventType "team-tourn"]
[EventRounds "9"]
[EventCountry "GER"]
[SourceDate "2013.10.20"]
[WhiteTeam "SSC Rostock 07 II"]
[BlackTeam "HSG Uni Rostock"]
[WhiteTeamCountry "GER"]
[BlackTeamCountry "GER"]

1. d4 d5 2. c4 c6 3. Nf3 Nf6 4. Bf4 dxc4 5. e3 Bg4 6. Bxc4 e6 7. Nc3 Nbd7 8. h3
Bh5 9. O-O Nb6 10. Be2 Bd6 11. Ne5 Bxe2 12. Qxe2 Nbd5 13. Bh2 O-O 14. Rfd1 Nxc3
15. bxc3 Qc7 16. c4 c5 17. Rac1 Rad8 18. Nf3 Bxh2+ 19. Nxh2 cxd4 20. exd4 Qf4
21. Qe3 Qxe3 22. fxe3 Ne4 23. Ng4 f5 24. Ne5 f4 25. Rd3 Ng3 26. Re1 fxe3 27.
Rexe3 Rf1+ 28. Kh2 Nf5 29. Re4 Rc1 30. c5 Rc2 31. a3 g6 32. Nf3 Rxc5 33. Rxe6
Rcd5 34. Re4 b5 35. g4 Nd6 36. Re7 a5 37. Ra7 Nc4 38. Nd2 Rxd4 39. Rxd4 Rxd4
40. Nxc4 Rxc4 41. Rxa5 Ra4 42. Rxb5 Rxa3 1/2-1/2

[Event "Verbandsliga MVP 2013-14"]
[Site "MVP"]
[Date "2013.11.24"]
[Round "3.8"]
[White "Hantel, Thomas"]
[Black "Bardosch, Konstantin"]
[Result "1/2-1/2"]
[WhiteElo "1661"]
[BlackElo "1573"]
[PlyCount "27"]
[EventDate "2013.??.??"]
[EventType "team-tourn"]
[EventRounds "9"]
[EventCountry "GER"]
[SourceDate "2013.10.20"]
[WhiteTeam "HSG Uni Rostock"]
[BlackTeam "SSC Rostock 07 II"]
[WhiteTeamCountry "GER"]
[BlackTeamCountry "GER"]

1. d4 Nf6 2. c4 e6 3. Nf3 c5 4. dxc5 Bxc5 5. Nc3 O-O 6. e3 Nc6 7. Be2 Bb4 8.
Bd2 d5 9. a3 Bxc3 10. Bxc3 b6 11. O-O Ne4 12. Rc1 Ne7 13. Bb4 Bb7 14. Nd4
1/2-1/2

[Event "Verbandsliga MVP 2013-14"]
[Site "MVP"]
[Date "2013.11.24"]
[Round "3.1"]
[White "Schwahn, Christian"]
[Black "Dettmann, Gerd"]
[Result "0-1"]
[WhiteElo "1947"]
[BlackElo "2088"]
[PlyCount "108"]
[EventDate "2013.??.??"]
[EventType "team-tourn"]
[EventRounds "9"]
[EventCountry "GER"]
[SourceDate "2013.10.20"]
[WhiteTeam "Greifswalder SV II"]
[BlackTeam "SG Güstrow/Teterow"]
[WhiteTeamCountry "GER"]
[BlackTeamCountry "GER"]

1. e4 c5 2. Nf3 Nc6 3. Bb5 g6 4. O-O Bg7 5. Re1 e6 6. c3 Nge7 7. d4 cxd4 8.
cxd4 Qb6 9. Bxc6 bxc6 10. Nc3 d5 11. e5 O-O 12. Na4 Qc7 13. Nc5 h6 14. b3 Re8
15. g4 Kh7 16. a4 Ng8 17. g5 h5 18. Ba3 Ne7 19. Nh4 a5 20. Qf3 Kg8 21. Rac1 Bf8
22. Nd3 Rb8 23. Bd6 Qa7 24. Bxb8 Qxb8 25. Nf4 c5 26. Rxc5 Bb7 27. Rec1 Qa8 28.
Rc7 Qa7 29. Qd3 Qb6 30. R1c5 Bc6 31. R7xc6 Nxc6 32. Rb5 Qxd4 33. Qxd4 Nxd4 34.
Rxa5 Nxb3 35. Rb5 Nd4 36. Ra5 Rc8 37. Kg2 Nc6 38. Ra6 Nxe5 39. Nxe6 fxe6 40.
Rxe6 Bg7 41. Nxg6 Nxg6 42. Rxg6 Kf7 43. Rd6 d4 44. Rd7+ Kf8 45. f4 Rc2+ 46. Kg3
Rc3+ 47. Kh4 Rf3 48. Kxh5 Rxf4 49. a5 Rf7 50. Rxf7+ Kxf7 51. Kg4 d3 52. Kf3 Bd4
53. a6 Kg6 54. h4 Kf5 0-1

[Event "Verbandsliga MVP 2013-14"]
[Site "MVP"]
[Date "2013.11.24"]
[Round "3.2"]
[White "Waschk, Armin"]
[Black "Nauschuetz, Ernst"]
[Result "1/2-1/2"]
[WhiteElo "2076"]
[BlackElo "1893"]
[PlyCount "103"]
[EventDate "2013.??.??"]
[EventType "team-tourn"]
[EventRounds "9"]
[EventCountry "GER"]
[SourceDate "2013.10.20"]
[WhiteTeam "SG Güstrow/Teterow"]
[BlackTeam "Greifswalder SV II"]
[WhiteTeamCountry "GER"]
[BlackTeamCountry "GER"]

1. e4 c5 2. Nf3 g6 3. c3 Bg7 4. Bd3 d5 5. O-O Nf6 6. exd5 Nxd5 7. Bc2 O-O 8. d4
cxd4 9. Nxd4 e5 10. Nf3 Nc6 11. Bb3 Nb6 12. Qe2 Bg4 13. h3 Bf5 14. Rd1 Qc7 15.
Be3 Na5 16. Na3 Nxb3 17. axb3 a6 18. b4 f6 19. Bxb6 Qxb6 20. Nc4 Qc7 21. Nd6
Be6 22. c4 Rfd8 23. c5 Bf8 24. Nc4 Rxd1+ 25. Rxd1 Rd8 26. Nb6 Kf7 27. Rc1 Qc6
28. Qe3 h6 29. Nd2 Qb5 30. Ndc4 Qxb4 31. Qf3 Bxc4 32. Rxc4 Qxb2 33. Qxb7+ Kg8
34. Qe4 f5 35. Qc2 Qa1+ 36. Kh2 Rd1 37. Ra4 Qc1 38. Qxc1 Rxc1 39. Nd7 Bxc5 40.
Nxc5 Rxc5 41. Rxa6 Kg7 42. Kg3 h5 43. h4 Rc3+ 44. Kh2 e4 45. Ra7+ Kh6 46. Re7
Rc6 47. Rf7 Rc5 48. Kg3 Rc3+ 49. Kf4 Rc1 50. Kg3 Re1 51. Kf4 Rh1 52. Kg3
1/2-1/2

[Event "Verbandsliga MVP 2013-14"]
[Site "MVP"]
[Date "2013.11.24"]
[Round "3.4"]
[White "Dettmann, Holger"]
[Black "Sowada, Christoph"]
[Result "1/2-1/2"]
[WhiteElo "1896"]
[BlackElo "1871"]
[PlyCount "43"]
[EventDate "2013.??.??"]
[EventType "team-tourn"]
[EventRounds "9"]
[EventCountry "GER"]
[SourceDate "2013.10.20"]
[WhiteTeam "SG Güstrow/Teterow"]
[BlackTeam "Greifswalder SV II"]
[WhiteTeamCountry "GER"]
[BlackTeamCountry "GER"]

1. d4 f5 2. Nc3 g6 3. Bf4 Bg7 4. Qd2 d6 5. O-O-O c6 6. h4 Qa5 7. h5 Be6 8. hxg6
hxg6 9. Rxh8 Bxh8 10. a3 Nd7 11. e3 O-O-O 12. f3 Ngf6 13. Bd3 Nb6 14. Nh3 Nc4
15. Bxc4 Bxc4 16. Nf2 Nd5 17. Nxd5 Qxd2+ 18. Kxd2 Bxd5 19. Rh1 Bf6 20. c3 e5
21. Bg3 Rh8 22. Rxh8+ 1/2-1/2

[Event "Verbandsliga MVP 2013-14"]
[Site "MVP"]
[Date "2013.11.24"]
[Round "3.5"]
[White "Motullo, Jens"]
[Black "Kiel, Bernd"]
[Result "1/2-1/2"]
[WhiteElo "1605"]
[BlackElo "1909"]
[PlyCount "27"]
[EventDate "2013.??.??"]
[EventType "team-tourn"]
[EventRounds "9"]
[EventCountry "GER"]
[SourceDate "2013.10.20"]
[WhiteTeam "Greifswalder SV II"]
[BlackTeam "SG Güstrow/Teterow"]
[WhiteTeamCountry "GER"]
[BlackTeamCountry "GER"]

1. e4 d5 2. exd5 Qxd5 3. Nc3 Qa5 4. Bc4 c6 5. Qf3 Nf6 6. Nge2 Bg4 7. Qe3 Bxe2
8. Qxe2 Nbd7 9. O-O e6 10. d4 Bb4 11. Ne4 Nxe4 12. Qxe4 Nf6 13. Qf3 Qh5 14.
Qxh5 1/2-1/2

[Event "Verbandsliga MVP 2013-14"]
[Site "MVP"]
[Date "2013.11.24"]
[Round "3.6"]
[White "Fidorra, Thomas"]
[Black "Zimmermann, Bernd"]
[Result "1-0"]
[WhiteElo "1847"]
[BlackElo "1619"]
[PlyCount "53"]
[EventDate "2013.??.??"]
[EventType "team-tourn"]
[EventRounds "9"]
[EventCountry "GER"]
[SourceDate "2013.10.20"]
[WhiteTeam "SG Güstrow/Teterow"]
[BlackTeam "Greifswalder SV II"]
[WhiteTeamCountry "GER"]
[BlackTeamCountry "GER"]

1. e4 e5 2. Nf3 Nc6 3. d4 exd4 4. Nxd4 d6 5. Nc3 Nf6 6. Be2 Be7 7. Bf4 Bd7 8.
g4 h6 9. Rg1 g5 10. Be3 Ne5 11. Nf5 Bxf5 12. gxf5 Rg8 13. Qd4 Qd7 14. O-O-O Nc6
15. Qa4 Ne5 16. Qb3 c6 17. Kb1 Qc7 18. f4 gxf4 19. Rxg8+ Nxg8 20. Bxf4 Bf6 21.
Bh5 Rd8 22. Qe6+ Qe7 23. Bxe5 Bxe5 24. Bxf7+ Kf8 25. Bxg8 Qg7 26. f6 Bxf6 27.
Rf1 1-0

[Event "Verbandsliga MVP 2013-14"]
[Site "MVP"]
[Date "2013.11.24"]
[Round "3.7"]
[White "Malchau, Jochen"]
[Black "Ebert, Lutz"]
[Result "1/2-1/2"]
[WhiteElo "1550"]
[BlackElo "1758"]
[PlyCount "127"]
[EventDate "2013.??.??"]
[EventType "team-tourn"]
[EventRounds "9"]
[EventCountry "GER"]
[SourceDate "2013.10.20"]
[WhiteTeam "Greifswalder SV II"]
[BlackTeam "SG Güstrow/Teterow"]
[WhiteTeamCountry "GER"]
[BlackTeamCountry "GER"]

1. d4 c5 2. c3 e6 3. Nf3 Nf6 4. e3 d5 5. Bd3 c4 6. Bc2 Bd6 7. Nbd2 Qc7 8. e4
dxe4 9. Nxe4 Nxe4 10. Bxe4 Bd7 11. O-O Bc6 12. Qe2 Bxe4 13. Qxe4 Qc6 14. Re1
Qxe4 15. Rxe4 O-O 16. Bg5 Nd7 17. Bh4 b5 18. Bg3 Bxg3 19. hxg3 Nf6 20. Re2 Nd5
21. a3 a5 22. Ne5 Rfc8 23. f4 Rc7 24. Kf2 Rac8 25. Kf1 h6 26. Kf2 b4 27. axb4
axb4 28. cxb4 Nxb4 29. Kg1 c3 30. bxc3 Rxc3 31. Nf3 Rc1+ 32. Rxc1 Rxc1+ 33. Kf2
Nd5 34. Re1 Rxe1 35. Nxe1 f6 36. Nf3 Kf7 37. Ke2 g5 38. fxg5 hxg5 39. Kd3 Kg6
40. Ng1 Kf5 41. Ne2 Kg4 42. Kd2 Ne7 43. Ke3 Nf5+ 44. Kf2 Nd6 45. Ke3 f5 46. d5
e5 47. Kd3 Kh5 48. Ke3 g4 49. Kd3 Kg5 50. Kc3 Kf6 51. Kb4 Ke7 52. Kc5 Kd7 53.
Kb6 Nc4+ 54. Kc5 Ne3 55. d6 Nxg2 56. Kd5 f4 57. gxf4 exf4 58. Ke4 f3 59. Ng3
Kxd6 60. Kf5 Ne1 61. Kxg4 Ke5 62. Nf1 Kd4 63. Kg3 Kd3 64. Nh2 1/2-1/2

[Event "Verbandsliga MVP 2013-14"]
[Site "MVP"]
[Date "2013.11.24"]
[Round "3.8"]
[White "Armbruester, Clemens"]
[Black "Schmidt, Thomas"]
[Result "1/2-1/2"]
[WhiteElo "1682"]
[BlackElo "1498"]
[PlyCount "48"]
[EventDate "2013.??.??"]
[EventType "team-tourn"]
[EventRounds "9"]
[EventCountry "GER"]
[SourceDate "2013.10.20"]
[WhiteTeam "SG Güstrow/Teterow"]
[BlackTeam "Greifswalder SV II"]
[WhiteTeamCountry "GER"]
[BlackTeamCountry "GER"]

1. d4 d5 2. c4 c6 3. Nc3 Nf6 4. Nf3 e6 5. e3 Bd6 6. Bd3 dxc4 7. Bxc4 b5 8. Bd3
Bb7 9. O-O Qc7 10. e4 e5 11. d5 a6 12. a3 cxd5 13. Nxd5 Nxd5 14. exd5 O-O 15.
Bxh7+ Kxh7 16. Ng5+ Kg6 17. Qd3+ f5 18. Ne6 e4 19. Nxc7 exd3 20. Nxa8 Bxa8 21.
Rd1 Bxd5 22. Rxd3 Rd8 23. Rxd5 Bxh2+ 24. Kxh2 Rxd5 1/2-1/2

[Event "Verbandsliga MVP 2013-14"]
[Site "MVP"]
[Date "2013.11.24"]
[Round "3.1"]
[White "Schinke, Andreas"]
[Black "Ispirjan, Mikael"]
[Result "1/2-1/2"]
[WhiteElo "2061"]
[BlackElo "1952"]
[PlyCount "103"]
[EventDate "2013.??.??"]
[EventType "team-tourn"]
[EventRounds "9"]
[EventCountry "GER"]
[SourceDate "2013.10.20"]
[WhiteTeam "SV Blau-Weiß Grevesmühlen"]
[BlackTeam "SAV Torgelow-Drögeheide 90"]
[WhiteTeamCountry "GER"]
[BlackTeamCountry "GER"]

1. d4 Nf6 2. c4 c5 3. d5 e6 4. Nc3 exd5 5. cxd5 d6 6. e4 g6 7. Nf3 Bg7 8. Be2
O-O 9. O-O Bg4 10. h3 Bxf3 11. Bxf3 a6 12. a4 Nbd7 13. Bf4 Qe7 14. Qd2 Rfe8 15.
Rae1 Ne5 16. Be2 Qc7 17. Bg3 Rab8 18. f4 Ned7 19. Bf3 c4 20. Kh1 b5 21. axb5
axb5 22. e5 dxe5 23. fxe5 Nxe5 24. d6 Qc5 25. Bd5 Ned7 26. Re7 Rxe7 27. dxe7
Re8 28. Bd6 Bh6 29. Bxc5 Bxd2 30. Bc6 Nxc5 31. Bxe8 Nxe8 32. Rd1 Nb3 33. Nxb5
f6 34. Na3 Bb4 35. Nxc4 Bxe7 36. Rd7 Kf7 37. Nd2 Ke6 38. Rxe7+ Kxe7 39. Nxb3
Kd6 40. Kg1 Kd5 41. Kf2 Kc4 42. Nc1 Nd6 43. Ke3 Nf5+ 44. Ke4 Nd6+ 45. Kf4 h5
46. h4 Nf5 47. g3 Nd6 48. Ne2 g5+ 49. hxg5 fxg5+ 50. Kxg5 Ne4+ 51. Kxh5 Nxg3+
52. Nxg3 1/2-1/2

[Event "Verbandsliga MVP 2013-14"]
[Site "MVP"]
[Date "2013.11.24"]
[Round "3.2"]
[White "Zentgraf, Robert"]
[Black "Boehme, Andy"]
[Result "1/2-1/2"]
[WhiteElo "2076"]
[BlackElo "1995"]
[PlyCount "36"]
[EventDate "2013.??.??"]
[EventType "team-tourn"]
[EventRounds "9"]
[EventCountry "GER"]
[SourceDate "2013.10.20"]
[WhiteTeam "SAV Torgelow-Drögeheide 90"]
[BlackTeam "SV Blau-Weiß Grevesmühlen"]
[WhiteTeamCountry "GER"]
[BlackTeamCountry "GER"]

1. e4 g6 2. Nc3 Bg7 3. f4 c6 4. Qf3 e6 5. d3 d5 6. Bd2 Bd7 7. g3 Na6 8. Bg2 Ne7
9. Nd1 Qc7 10. Ne2 c5 11. e5 h5 12. Ne3 Bc6 13. d4 Qb6 14. Bc3 Bb5 15. dxc5
Nxc5 16. Bd4 Nc6 17. Bxc5 Qxc5 18. c3 Bf8 1/2-1/2

[Event "Verbandsliga MVP 2013-14"]
[Site "MVP"]
[Date "2013.11.24"]
[Round "3.4"]
[White "Schmekel, Florian"]
[Black "Stiegler, Maik"]
[Result "1/2-1/2"]
[WhiteElo "1778"]
[BlackElo "1897"]
[PlyCount "117"]
[EventDate "2013.??.??"]
[EventType "team-tourn"]
[EventRounds "9"]
[EventCountry "GER"]
[SourceDate "2013.10.20"]
[WhiteTeam "SAV Torgelow-Drögeheide 90"]
[BlackTeam "SV Blau-Weiß Grevesmühlen"]
[WhiteTeamCountry "GER"]
[BlackTeamCountry "GER"]

1. d4 d5 2. c4 e6 3. Nc3 f5 4. g3 c6 5. Bg2 Nf6 6. Nf3 Bd6 7. c5 Bc7 8. b4 a6
9. Bg5 O-O 10. O-O Nbd7 11. a4 Qe8 12. Qc1 Ne4 13. Be3 Ndf6 14. Nxe4 Nxe4 15.
Bf4 Bxf4 16. Qxf4 Qe7 17. Qe5 Bd7 18. Ra2 Be8 19. Nh4 Qf6 20. f4 Qxe5 21. fxe5
Bh5 22. Bxe4 fxe4 23. e3 Rxf1+ 24. Kxf1 Rf8+ 25. Rf2 g5 26. Rxf8+ Kxf8 27. Ng2
Kg7 28. h3 Bd1 29. a5 Kg6 30. Kf2 h6 31. h4 Kf5 32. hxg5 hxg5 33. Ne1 Kg4 34.
Kg2 Be2 35. Nc2 Bf3+ 36. Kf2 Kh3 37. Na3 Bd1 38. b5 Ba4 39. b6 Kg4 40. Nb1 Bb5
41. Nc3 Bc4 42. Kg2 Kf5 43. Nb1 Bd3 44. Nd2 Bb5 45. Kh3 Bd3 46. g4+ Kg6 47. Kg3
Be2 48. Nb1 Bd3 49. Nc3 Bc4 50. Kf2 Kf7 51. Ke1 Ke7 52. Nd1 Kf7 53. Nf2 Bb5 54.
Nh1 Bc4 55. Ng3 Bd3 56. Nh5 Bc4 57. Nf6 Bd3 58. Nd7 Ke7 59. Nf6 1/2-1/2

[Event "Verbandsliga MVP 2013-14"]
[Site "MVP"]
[Date "2013.11.24"]
[Round "3.5"]
[White "Wecke, Thoralf"]
[Black "Lehmann, Ruben"]
[Result "0-1"]
[WhiteElo "1948"]
[BlackElo "1875"]
[PlyCount "84"]
[EventDate "2013.??.??"]
[EventType "team-tourn"]
[EventRounds "9"]
[EventCountry "GER"]
[SourceDate "2013.10.20"]
[WhiteTeam "SV Blau-Weiß Grevesmühlen"]
[BlackTeam "SAV Torgelow-Drögeheide 90"]
[WhiteTeamCountry "GER"]
[BlackTeamCountry "GER"]

1. d4 d5 2. Bg5 Nf6 3. Bxf6 exf6 4. e3 Bd6 5. c4 Bf5 6. Nc3 dxc4 7. Bxc4 O-O 8.
Qf3 Qc8 9. h3 Nc6 10. a3 Ne7 11. Qe2 Re8 12. Nf3 Ng6 13. Bd3 Nf4 14. Bxf5 Qxf5
15. g4 Qg6 16. Qd2 Nxh3 17. O-O-O Qxg4 18. Ne1 Qf5 19. Nd3 Ng5 20. Rdf1 Rac8
21. f3 c5 22. e4 Qd7 23. d5 b5 24. Qg2 b4 25. f4 bxc3 26. fxg5 cxb2+ 27. Nxb2
fxg5 28. Qxg5 Qe7 29. Qh5 h6 30. Nc4 Bb8 31. Rhg1 g6 32. Qxh6 Qxe4 33. Nd2 Qe5
34. Rh1 Qg7 35. Qh3 c4 36. Ne4 Be5 37. d6 f5 38. Rhg1 Bb2+ 39. Kc2 Rxe4 40.
Rxf5 Re2+ 41. Kd1 Rce8 42. Rf4 c3 0-1

[Event "Verbandsliga MVP 2013-14"]
[Site "MVP"]
[Date "2013.11.24"]
[Round "3.6"]
[White "Bauer, Norbert"]
[Black "Gareis, Roberto"]
[Result "1-0"]
[WhiteElo "1924"]
[BlackElo "1869"]
[PlyCount "93"]
[EventDate "2013.??.??"]
[EventType "team-tourn"]
[EventRounds "9"]
[EventCountry "GER"]
[SourceDate "2013.10.20"]
[WhiteTeam "SAV Torgelow-Drögeheide 90"]
[BlackTeam "SV Blau-Weiß Grevesmühlen"]
[WhiteTeamCountry "GER"]
[BlackTeamCountry "GER"]

1. d4 d5 2. c4 e6 3. Nc3 Nf6 4. Bg5 Be7 5. cxd5 exd5 6. e3 c6 7. Bd3 O-O 8.
Nge2 Nbd7 9. O-O Ne4 10. Bf4 g5 11. Bg3 Ndf6 12. Qc2 Nxg3 13. Nxg3 Bd6 14. Rfe1
Bxg3 15. hxg3 Qd6 16. Rad1 Kg7 17. e4 dxe4 18. Bxe4 h6 19. d5 cxd5 20. Bxd5 Qc7
21. Qb3 Bg4 22. Rc1 Rac8 23. Qxb7 Qxb7 24. Bxb7 Rb8 25. Re7 Rfe8 26. Rxe8 Nxe8
27. Bc6 Nf6 28. Rc2 Bf5 29. Rd2 Rb6 30. Bf3 Re6 31. Be2 Bg4 32. f3 Bf5 33. Kf2
Re5 34. b4 Re7 35. a4 Rb7 36. b5 Rc7 37. Nd1 Be6 38. Ne3 Rc3 39. a5 Ra3 40. a6
Rb3 41. Rd8 Bd7 42. Rb8 h5 43. Rb7 g4 44. Rxa7 Bxb5 45. Rb7 Ba4 46. Rxb3 Bxb3
47. a7 1-0

[Event "Verbandsliga MVP 2013-14"]
[Site "MVP"]
[Date "2013.11.24"]
[Round "3.7"]
[White "Wulff, Jens Peter"]
[Black "Ehlers, Michael"]
[Result "0-1"]
[WhiteElo "1715"]
[BlackElo "1882"]
[PlyCount "96"]
[EventDate "2013.??.??"]
[EventType "team-tourn"]
[EventRounds "9"]
[EventCountry "GER"]
[SourceDate "2013.10.20"]
[WhiteTeam "SV Blau-Weiß Grevesmühlen"]
[BlackTeam "SAV Torgelow-Drögeheide 90"]
[WhiteTeamCountry "GER"]
[BlackTeamCountry "GER"]

1. d4 Nf6 2. Nf3 g6 3. Bf4 Bg7 4. Nbd2 d6 5. h3 O-O 6. e4 Nbd7 7. Bd3 c5 8. d5
Nh5 9. Be3 Bxb2 10. g4 Ng7 11. Rb1 Bc3 12. Rb3 Qa5 13. O-O Bxd2 14. Nxd2 Ne5
15. Be2 f6 16. f4 Nf7 17. Nc4 Qc7 18. Qa1 Bd7 19. a4 b6 20. Rd1 Rfb8 21. Rdb1
Be8 22. Bf2 Qd7 23. a5 b5 24. Na3 a6 25. Nc4 Qc7 26. Nb6 Ra7 27. c4 b4 28. Bg3
Qd8 29. e5 fxe5 30. fxe5 Nxe5 31. Bxe5 dxe5 32. Qxe5 Qd6 33. Re3 Bf7 34. Rf1
Qxe5 35. Rxe5 Rf8 36. Bd3 Rd8 37. Rfe1 Kf8 38. Bf1 Rc7 39. Bg2 Ne8 40. g5 Nd6
41. h4 Nb7 42. h5 Rd6 43. Bh3 Nxa5 44. Nc8 Nxc4 45. R5e4 Rxd5 46. hxg6 Rxg5+
47. Kh2 hxg6 48. Nxe7 Nd2 0-1

[Event "Verbandsliga MVP 2013-14"]
[Site "MVP"]
[Date "2013.11.24"]
[Round "1.8"]
[White "Massloch, Philipp"]
[Black "Streit, Bodo"]
[Result "1/2-1/2"]
[WhiteElo "1648"]
[BlackElo "1773"]
[PlyCount "98"]
[EventDate "2013.??.??"]
[EventType "team-tourn"]
[EventRounds "9"]
[EventCountry "GER"]
[SourceDate "2013.10.20"]
[WhiteTeam "SAV Torgelow-Drögeheide 90"]
[BlackTeam "SV Blau-Weiß Grevesmühlen"]
[WhiteTeamCountry "GER"]
[BlackTeamCountry "GER"]

1. e4 e5 2. Nf3 Nc6 3. c3 Nf6 4. d4 d6 5. Bb5 exd4 6. cxd4 Bd7 7. Nc3 a6 8. Bd3
Bg4 9. Be3 Be7 10. O-O O-O 11. h3 Bxf3 12. Qxf3 Nb4 13. Bb1 Nc6 14. Bd3 Nb4 15.
Bb1 c5 16. d5 a5 17. a3 Na6 18. Bd3 Nd7 19. Qg3 Ne5 20. Be2 Bh4 21. Qh2 Nc7 22.
g3 Bf6 23. f4 Ng6 24. h4 Re8 25. h5 Nf8 26. Qg2 Qe7 27. Bf3 b5 28. e5 dxe5 29.
d6 Qxd6 30. Bxa8 Nxa8 31. Rad1 Qa6 32. Bxc5 exf4 33. Rxf4 Ne6 34. Rf5 Nac7 35.
Nd5 Nxd5 36. Qxd5 Qc8 37. Bf2 Bxb2 38. Qxb5 Bxa3 39. Qxa5 Be7 40. Kh2 Qc2 41.
Qb5 Rf8 42. Qd3 Qc6 43. h6 Rd8 44. Qe2 Rxd1 45. Qxd1 Ng5 46. Qd5 Qxh6+ 47. Kg1
g6 48. Qa8+ Bf8 49. Ra5 Nh3+ 1/2-1/2